Statistics for "Second Best" Football Edition

Click here to take the quiz!

General Stats

  • This quiz has been taken 32 times
    (31 since last reset)
  • The average score is 9 of 14

Answer Stats

CategoryFirstSecond% Correct
Most Ballon d'OrsLionel MessiCristiano Ronaldo
100%
Most World Cup games wonBrazilGermany
93%
Most goals scored in the UCL/European CupCristiano RonaldoLionel Messi
93%
Most UCL titles (including European Cup)Real MadridAC Milan
89%
Premier League all-time top goal scorerAlan ShearerHarry Kane
82%
Most FA Cup titlesArsenalManchester United
75%
Most goals for FranceOlivier GiroudThierry Henry
75%
Most UCL clean sheetsIker CasillasManuel Neuer
61%
Highest combined transfer feesNeymarRomelu Lukaku
57%
Biggest European stadiumCamp NouWembley
57%
First to manage Manchester United after Sir Alex Ferguson
(not counting caretaker)
David MoyesLouis van Gaal
50%
Earliest to win 3 different UEFA competitionsJuventusAjax
39%
Earliest country to have a club leagueUnited KingdomArgentina
36%
Most FA Cup goals scoredKettering TownTottenham Hotspur
11%

Score Distribution

Percentile by Number Answered

Percent of People with Each Score

Your Score History

You have not taken this quiz since the last reset